| 000 | 00528nam a22001817a 4500 | ||
|---|---|---|---|
| 999 |
_c190496 _d190496 |
||
| 005 | 20220726163807.0 | ||
| 010 | _aENG-133951 | ||
| 020 |
_c190.00 _a978-93-90663-16-3 |
||
| 035 | _aEN-117483 | ||
| 037 | _bDBAD/PUB | ||
| 082 | _aS | ||
| 100 | _aAnand, Jernail Singh | ||
| 245 |
_aConfessions of a Corpse: Short Stories/ _cJernail Singh Anand |
||
| 260 |
_aHaryana _bGlobal Fraternity of Poets _c2021 |
||
| 270 |
_aH-23/16,DLF Phase-I, Gurgaon _bHaryana _e122002 |
||
| 300 |
_aix,51p. _c20cm(pbk) |
||
| 942 |
_2ddc _cEN _hS _mANA |
||